|
|
|
|
| LEADER |
00000nam a2200000 a 4500 |
| 001 |
vtls001082536 |
| 003 |
SK-MaSNL |
| 005 |
20260302091018.0 |
| 008 |
250310s1989 xo |01 0 eng |
| 015 |
|
|
|a SNBA1989/11
|
| 035 |
|
|
|a SNK000025374
|
| 035 |
|
|
|a urn:nbn:sk:snk-amlqs9
|
| 035 |
|
|
|a urn:nbn:sk:snk-am00c13v
|
| 035 |
|
|
|a BB8AAD79-0DD0-4C88-8E9C-C24399A954DA
|
| 040 |
|
|
|a SNK
|b slo
|c SNK
|e AACR2
|
| 041 |
0 |
|
|a eng
|
| 044 |
|
|
|a xo
|c SK
|
| 080 |
|
|
|a 510.5(082)=20=82=30
|2 1981
|
| 245 |
0 |
|
|a Algorithms 89
|b 10-th symposium on Algorithms. Proceedings of lectures. Vysoké Tatry - Štrbské Pleso, April 17-21, 1989
|
| 250 |
|
|
|a 1. vyd.
|
| 260 |
|
|
|a Bratislava
|b Jednota slovenských matematikov a fyzikov pri SAV
|c 1989
|e Bratislava
|f Videopress MON
|
| 300 |
|
|
|a 335 s.
|b Tb. Sch.
|c 29 cm
|
| 366 |
|
|
|e 530 výtl.
|
| 500 |
|
|
|a Lit. 415. Čl. aj rus. a nem. 9 samost. str. 415 zázn. v slov., ruš., nem. a angl.
|
| 650 |
0 |
7 |
|a algoritmy
|2 SNKPH
|9 3655
|
| 655 |
|
7 |
|a zborníky
|2 SNKPH
|9 70165
|
| 958 |
|
|
|a OND
|
| 958 |
|
|
|a TL
|
| 958 |
|
|
|a NB
|
| 958 |
|
|
|a ZB
|
| 958 |
|
|
|a EUIPO
|
| 999 |
|
|
|c 1198917
|d 1200847
|
| 952 |
|
|
|a SNK
|b SNK
|y VYP
|7 0
|p 17A0154285
|o snkSB 45612 D1
|i snkKSP 9262/89
|0 0
|1 0
|4 0
|d 1998-08-06
|l 0
|r 2004-12-31 00:00:00
|w 2026-02-24
|
| 952 |
|
|
|a SNK
|b SNK
|y PREZ
|7 0
|p 17A0859879
|o snkSB 45612
|0 0
|1 0
|4 0
|d 2012-07-16
|f 1
|l 0
|r 2026-02-24 22:35:00
|w 2026-02-24
|